[Event "PER-ch"]
[Site "Lima"]
[Date "2023.09.03"]
[Round "9"]
[White "Garay Ramirez, Patrick Yosue"]
[Black "Garcia Toledo, Pedro"]
[Result "0-1"]
[WhiteElo "1064"]
[BlackElo "1911"]
[PlyCount "70"]
[EventDate "2023.08.29"]
[EventType "swiss"]
[EventRounds "9"]
[EventCountry "PER"]
[SourceTitle "EXT 2024"]
[Source "ChessBase"]
[SourceDate "2023.10.10"]
[SourceVersion "1"]
[SourceVersionDate "2023.10.10"]
[SourceQuality "1"]

1. d4 d5 2. Bf4 c6 3. e3 Qb6 4. Qc1 Nf6 5. c4 Bf5 6. Nc3 e6 7. Nf3 Be7 8. Be2 0-0 9. 0-0 Nbd7 10. c5 Qd8 11. b4 Nh5 12. Bg3 Nxg3 13. hxg3 Qc7 14. a4 e5 15. b5 Bg4 16. a5 e4 17. Nd2 Bxe2 18. Nxe2 cxb5 19. Nc3 Qc6 20. Qa3 a6 21. Qb3 Nf6 22. Ndb1 Rad8 23. Na3 Ng4 24. f3 exf3 25. gxf3 Nxe3 26. Rfe1 Nf5 27. Nc2 Bf6 28. Nb4 Bxd4+ 29. Kg2 Qg6 30. g4 h5 31. Ncxd5 hxg4 32. Rad1 gxf3+ 33. Kxf3 Qg3+ 34. Ke4 Rfe8+ 35. Kxf5 g6# 0-1

[Event "PER-ch"]
[Site "Lima"]
[Date "2023.08.29"]
[Round "1"]
[White "Villafuerte Mamani, Khalid Stephano"]
[Black "Garcia Toledo, Pedro"]
[Result "0-1"]
[WhiteElo "1637"]
[BlackElo "1911"]
[PlyCount "72"]
[EventDate "2023.08.29"]
[EventType "swiss"]
[EventRounds "9"]
[EventCountry "PER"]
[SourceTitle "EXT 2024"]
[Source "ChessBase"]
[SourceDate "2023.10.10"]
[SourceVersion "1"]
[SourceVersionDate "2023.10.10"]
[SourceQuality "1"]

1. e4 c5 2. Nc3 d6 3. g3 Nc6 4. Bg2 g6 5. d3 Bg7 6. f4 e6 7. Nf3 Nge7 8. 0-0 0-0 9. Be3 Nd4 10. e5 Nef5 11. Bf2 Nxf3+ 12. Bxf3 dxe5 13. fxe5 Bxe5 14. Na4 Bd4 15. Nxc5 Ne3 16. Qe2 Nxf1 17. Rxf1 Rb8 18. c3 Bxf2+ 19. Rxf2 Qc7 20. d4 b6 21. Ne4 Kg7 22. Bg2 f6 23. g4 Bb7 24. g5 Bxe4 25. gxf6+ Rxf6 26. Rxf6 Kxf6 27. Qxe4 Rf8 28. Bh3 Qd6 29. b4 e5 30. d5 Kg7 31. Be6 Rf4 32. Qe3 Kf6 33. a3 Qc7 34. Qd3 Qc4 35. Qxc4 Rxc4 36. Bg8 Rxc3 0-1

[Event "Lima Silicio op 2nd"]
[Site "Lima"]
[Date "2023.03.04"]
[Round "3"]
[White "Garcia Toledo, Pedro"]
[Black "Balvin, Jorge"]
[Result "1-0"]
[WhiteElo "2006"]
[BlackElo "1479"]
[PlyCount "45"]
[EventDate "2023.03.03"]
[EventType "swiss"]
[EventRounds "7"]
[EventCountry "PER"]
[SourceTitle "CBM 213 Extra"]
[Source "ChessBase"]
[SourceDate "2023.05.31"]
[SourceVersion "1"]
[SourceVersionDate "2023.05.31"]
[SourceQuality "1"]

1. e4 c5 2. Nf3 e6 3. d3 d5 4. Nbd2 Nc6 5. g3 Bd6 6. Bg2 Nge7 7. 0-0 0-0 8. Nh4 f5 9. f4 dxe4 10. dxe4 e5 11. Nc4 Bc7 12. Qxd8 Rxd8 13. fxe5 fxe4 14. Be3 Be6 15. Nd6 b6 16. Rad1 h6 17. Bxe4 Rab8 18. Nhf5 Rf8 19. g4 a6 20. Bf4 Rbe8 21. Bg3 Bxa2 22. Nxe8 Rxe8 23. Rd7 1-0

[Event "PER-ch Seniors"]
[Site "Lima"]
[Date "2018.12.26"]
[Round "1"]
[White "Gomez De la Torre Kusianovich, Fernando"]
[Black "Garcia Toledo, Pedro"]
[Result "0-1"]
[WhiteElo "1704"]
[BlackElo "2021"]
[PlyCount "62"]
[EventDate "2018.12.26"]
[EventType "swiss"]
[EventRounds "7"]
[EventCountry "PER"]
[SourceTitle "EXT 2021"]
[Source "ChessBase"]
[SourceDate "2020.10.23"]
[SourceVersion "1"]
[SourceVersionDate "2020.10.23"]
[SourceQuality "1"]

1. e4 c5 2. Nf3 d6 3. d4 cxd4 4. Nxd4 Nf6 5. Nc3 a6 6. Bg5 e6 7. Be2 Be7 8. Qd2 b5 9. a3 Bb7 10. f3 Nbd7 11. b4 Qc7 12. Bd3 Rc8 13. Nce2 h6 14. Bh4 Nxe4 15. Qf4 e5 16. Qg4 Nef6 17. Qxg7 Rg8 18. Qxh6 exd4 19. 0-0 Bd5 20. Nxd4 Qb6 21. Qf4 Be6 22. Kh1 Nd5 23. Qe4 N7f6 24. Bxf6 Nxf6 25. Qf4 Nh5 26. Qe4 Bf6 27. Nxe6 Ng3+ 28. hxg3 Rh8+ 29. Qh7 Rxh7+ 30. Bxh7 fxe6 31. Rae1 Kf7 0-1

[Event "PER-ch Seniors 50"]
[Site "Lima"]
[Date "2017.11.03"]
[Round "4"]
[White "Garcia Toledo, Pedro"]
[Black "Cordova Maza, Eduardo"]
[Result "1-0"]
[WhiteElo "2072"]
[BlackElo "1833"]
[PlyCount "111"]
[EventDate "2017.11.01"]
[EventType "swiss"]
[EventRounds "7"]
[EventCountry "PER"]
[SourceTitle "EXT 2019"]
[Source "ChessBase"]
[SourceDate "2018.10.10"]
[SourceVersion "1"]
[SourceVersionDate "2018.10.10"]
[SourceQuality "1"]

1. e4 c6 2. d4 d5 3. exd5 cxd5 4. Bd3 Nf6 5. c3 Nc6 6. Bf4 Qb6 7. Qb3 Qxb3 8. axb3 Bg4 9. b4 Nh5 10. Be3 Bd7 11. b5 Nd8 12. Nf3 g6 13. 0-0 Bg7 14. Nbd2 f5 15. Nb3 Nf7 16. Nc5 Nd6 17. Nxd7 Kxd7 18. Ne5+ Kd8 19. f3 Nf6 20. Ra4 Nd7 21. Nxd7 Kxd7 22. Rfa1 Nc8 23. Bf4 b6 24. Kf2 Re8 25. Be5 Bf8 26. b3 e6 27. c4 Bd6 28. f4 Re7 29. Be2 Bxe5 30. fxe5 Kd8 31. g4 Rd7 32. cxd5 exd5 33. gxf5 gxf5 34. Rg1 Ne7 35. Raa1 Rc8 36. Rac1 Rdc7 37. Rxc7 Rxc7 38. Rg7 Rc2 39. Ke1 Rb2 40. Rxh7 Rxb3 41. Rh8+ Kd7 42. Bh5 Re3+ 43. Kd2 Re4 44. Kd3 f4 45. Bg4+ Kc7 46. Rh7 Kd8 47. Rh8+ Kc7 48. Re8 Re3+ 49. Kd2 Ng6 50. Rc8+ Kb7 51. Rg8 Nh4 52. Rg7+ Kb8 53. e6 Re4 54. Kd3 Re3+ 55. Kd2 Re4 56. e7 1-0

[Event "Antofagasta Zicosur op 2nd"]
[Site "Antofagasta"]
[Date "2016.01.08"]
[Round "6"]
[White "Carstens Dobuchak, Thiago"]
[Black "Garcia Toledo, Pedro"]
[Result "1-0"]
[WhiteElo "2059"]
[BlackElo "2234"]
[PlyCount "121"]
[EventDate "2016.01.05"]
[EventType "swiss"]
[EventRounds "9"]
[EventCountry "CHI"]
[SourceTitle "CBM 170 Extra"]
[Source "ChessBase"]
[SourceDate "2016.02.25"]
[SourceVersion "1"]
[SourceVersionDate "2016.02.25"]
[SourceQuality "1"]

1. e4 c5 2. Nf3 d6 3. d4 cxd4 4. Nxd4 Nf6 5. Nc3 a6 6. Qf3 e6 7. g4 Be7 8. Be3 Qc7 9. 0-0-0 b5 10. g5 Nfd7 11. h4 b4 12. Nce2 Ne5 13. Qg3 Nc4 14. Kb1 Nxe3 15. Qxe3 Nd7 16. f4 Bb7 17. Bh3 Nc5 18. Ng3 d5 19. exd5 Bxd5 20. Rhe1 0-0 21. Ndf5 exf5 22. Rxd5 Ne6 23. Bxf5 Bc5 24. Qd2 Rad8 25. Bxe6 fxe6 26. Rxe6 Rxd5 27. Qxd5 Kh8 28. Ne2 Rc8 29. Qe4 Qd7 30. Nc1 a5 31. f5 a4 32. Nd3 a3 33. Re5 Bf8 34. g6 Qa7 35. Re8 Qd7 36. Rxc8 Qxc8 37. Nxb4 axb2 38. Kxb2 Bxb4 39. Qxb4 hxg6 40. fxg6 Qd8 41. a4 Qf6+ 42. c3 Qxg6 43. a5 Qg2+ 44. Ka3 Qh1 45. Qc4 Qa1+ 46. Kb4 Qb1+ 47. Kc5 Qf5+ 48. Kb6 Qf6+ 49. Kb7 Qe7+ 50. Qc7 Qe4+ 51. Kb8 Qa4 52. a6 Qb5+ 53. Ka7 Kh7 54. c4 Qf5 55. c5 Qf2 56. Kb7 Qf3+ 57. c6 Qb3+ 58. Qb6 Qf7+ 59. c7 Qd5+ 60. Qc6 Qb3+ 61. Ka8 1-0

[Event "Lima olympic qual"]
[Site "Lima"]
[Date "2004.??.??"]
[Round "?"]
[White "Garcia Toledo, Pedro"]
[Black "Requejo, Oswaldo"]
[Result "0-1"]
[WhiteElo "2248"]
[BlackElo "2253"]
[PlyCount "68"]
[EventDate "2004.??.??"]
[EventType "tourn"]
[EventRounds "8"]
[EventCountry "PER"]
[SourceTitle "EXT 2007"]
[Source "ChessBase"]
[SourceDate "2006.11.23"]
[SourceVersion "1"]
[SourceVersionDate "2006.11.23"]
[SourceQuality "1"]

1. e4 c5 2. Nf3 d6 3. d4 cxd4 4. Nxd4 Nf6 5. Nc3 g6 6. Be3 Bg7 7. Be2 0-0 8. f4 Nc6 9. Nb3 Be6 10. g4 d5 11. f5 Bc8 12. exd5 Nb4 13. Bf3 gxf5 14. a3 fxg4 15. Bg2 Na6 16. Qd3 Nc7 17. 0-0-0 a5 18. h3 g3 19. Bd4 Qd6 20. Kb1 a4 21. Nc5 Nh5 22. Rhf1 f5 23. N5xa4 Bxd4 24. Qxd4 e5 25. dxe6 Qxd4 26. Rxd4 Nxe6 27. Bd5 Kg7 28. Bxe6 Bxe6 29. Nc5 Rae8 30. Nd3 f4 31. Nxf4 Rxf4 32. Rdxf4 Nxf4 33. Rxf4 g2 34. Ne2 Bxh3 0-1

[Event "PER-ch"]
[Site "Lima"]
[Date "2000.10.10"]
[Round "6"]
[White "Garcia Toledo, Pedro"]
[Black "Mansilla, Juan"]
[Result "0-1"]
[WhiteElo "2294"]
[BlackElo "2252"]
[PlyCount "72"]
[EventDate "2000.10.04"]
[EventType "tourn"]
[EventRounds "13"]
[EventCountry "PER"]
[EventCategory "2"]
[SourceTitle "CBM 078 Extra"]
[Source "ChessBase"]
[SourceDate "2000.11.10"]
[SourceVersion "1"]
[SourceVersionDate "2000.11.10"]
[SourceQuality "1"]

1. d4 Nf6 2. c4 g6 3. Nc3 Bg7 4. e4 d6 5. Nf3 0-0 6. Be2 Na6 7. 0-0 e5 8. d5 Nc5 9. Qc2 a5 10. Nd2 Ne8 11. Nb3 Nxb3 12. Qxb3 b6 13. Qc2 f5 14. Bd2 f4 15. a3 g5 16. b4 g4 17. Bd3 h5 18. c5 bxc5 19. bxc5 h4 20. cxd6 cxd6 21. Rab1 g3 22. fxg3 hxg3 23. hxg3 fxg3 24. Rxf8+ Bxf8 25. Ne2 Qh4 26. Bb5 Qh2+ 27. Kf1 Bh3 28. Be3 Qxg2+ 29. Ke1 Nf6 30. Bd3 Rc8 31. Qa4 Bd7 32. Qxa5 Nxe4 33. Rb7 Qh1+ 34. Ng1 Rc1+ 35. Bxc1 Qxg1+ 36. Ke2 Bg4# 0-1

[Event "PER-ch"]
[Site "Lima"]
[Date "2000.10.06"]
[Round "3"]
[White "Garcia Toledo, Pedro"]
[Black "Esplana, Christian"]
[Result "0-1"]
[WhiteElo "2294"]
[BlackElo "2239"]
[PlyCount "96"]
[EventDate "2000.10.04"]
[EventType "tourn"]
[EventRounds "13"]
[EventCountry "PER"]
[EventCategory "2"]
[SourceTitle "CBM 078 Extra"]
[Source "ChessBase"]
[SourceDate "2000.11.10"]
[SourceVersion "1"]
[SourceVersionDate "2000.11.10"]
[SourceQuality "1"]

1. d4 Nf6 2. c4 e6 3. Nc3 Bb4 4. e3 b6 5. Nge2 Ba6 6. a3 Bxc3+ 7. Nxc3 d5 8. b3 0-0 9. a4 dxc4 10. bxc4 Nc6 11. Be2 Qd7 12. 0-0 Rfd8 13. Bb2 Na5 14. Nb5 c6 15. Na3 c5 16. dxc5 Qe7 17. Qc2 Qxc5 18. Rfd1 Bb7 19. Rxd8+ Rxd8 20. Rd1 Rc8 21. Nb5 Qg5 22. Bf1 Bf3 23. Rd2 Nc6 24. Nd4 Ne5 25. Kh1 Be4 26. f4 Qh4 27. Qd1 Nfg4 28. Nf3 Nxf3 29. gxf3 Nf2+ 30. Rxf2 Qxf2 31. Be2 Bxf3+ 32. Bxf3 Qxb2 33. Qd7 Qc1+ 34. Kg2 Qxc4 35. Qxa7 Qc5 36. Kf2 h6 37. Be2 Rd8 38. Qa6 Rd2 39. Qb5 Qc2 40. h3 h5 41. h4 g6 42. Qa6 Qc5 43. Qa8+ Kg7 44. Qe4 Qe7 45. Ke1 Rd5 46. f5 Rxf5 47. Qd4+ Qf6 48. Qxb6 Qc3+ 0-1

[Event "PER-ch"]
[Site "Lima"]
[Date "2000.10.05"]
[Round "2"]
[White "Nina, Miguel Angel"]
[Black "Garcia Toledo, Pedro"]
[Result "0-1"]
[WhiteElo "2310"]
[BlackElo "2294"]
[PlyCount "79"]
[EventDate "2000.10.04"]
[EventType "tourn"]
[EventRounds "13"]
[EventCountry "PER"]
[EventCategory "2"]
[SourceTitle "CBM 078 Extra"]
[Source "ChessBase"]
[SourceDate "2000.11.10"]
[SourceVersion "1"]
[SourceVersionDate "2000.11.10"]
[SourceQuality "1"]

1. e4 c5 2. Nf3 d6 3. d4 cxd4 4. Nxd4 Nf6 5. Nc3 a6 6. Bg5 e6 7. f4 Be7 8. Qf3 Qc7 9. 0-0-0 Nbd7 10. g4 b5 11. Bxf6 Nxf6 12. g5 Nd7 13. f5 Bxg5+ 14. Kb1 Ne5 15. Qh5 Qe7 16. Nxe6 Bxe6 17. fxe6 g6 18. exf7+ Kxf7 19. Qe2 Kg7 20. Nd5 Qa7 21. h4 Bh6 22. Bh3 Rhf8 23. Rhf1 Nc4 24. b3 Rxf1 25. Bxf1 Ne5 26. Bh3 Rf8 27. Rf1 Kh8 28. c3 Rxf1+ 29. Qxf1 Bg7 30. h5 gxh5 31. Kc2 Ng6 32. Be6 h4 33. Kd3 Be5 34. b4 Kg7 35. Bf5 a5 36. bxa5 Qxa5 37. Qf2 Bg3 38. Qb6 Ne5+ 39. Kd4 Bf2+ 40. Ne3 0-1

[Event "PER-ch sf 48th"]
[Site "Lima"]
[Date "2000.??.??"]
[Round "4"]
[White "Garcia Toledo, Pedro"]
[Black "Quinones, Cesar Luis"]
[Result "1-0"]
[WhiteElo "2294"]
[BlackElo "2070"]
[PlyCount "143"]
[EventDate "2000.07.24"]
[EventType "swiss"]
[EventRounds "9"]
[EventCountry "PER"]
[SourceTitle "EXT 2001"]
[Source "ChessBase"]
[SourceDate "2000.11.22"]
[SourceVersion "1"]
[SourceVersionDate "2000.11.22"]
[SourceQuality "1"]

1. d4 Nf6 2. c4 g6 3. Nc3 d5 4. Bg5 Ne4 5. Bh4 Nxc3 6. bxc3 Bg7 7. e3 c6 8. Nf3 0-0 9. Be2 Nd7 10. 0-0 Nf6 11. Qb3 dxc4 12. Bxc4 b5 13. Be2 Be6 14. Qb2 Ne4 15. a4 a6 16. Ra3 Rb8 17. axb5 axb5 18. Rfa1 Re8 19. Ng5 Nxg5 20. Bxg5 b4 21. Ra5 bxc3 22. Qxc3 Bd5 23. h3 h6 24. Bf4 Rb3 25. Qc5 e5 26. dxe5 Bxe5 27. Bxe5 Rxe5 28. Bf3 Rg5 29. h4 Rf5 30. Qd4 Qf6 31. Qxf6 Rxf6 32. Bxd5 cxd5 33. Rxd5 Rb2 34. Rf1 h5 35. Rd4 Re2 36. g3 Kg7 37. Kg2 Ra2 38. Rf4 Rxf4 39. gxf4 f5 40. Rb1 Rc2 41. Kg3 Re2 42. Rb5 Kf6 43. Re5 Re1 44. f3 Re2 45. e4 fxe4 46. fxe4 Re3+ 47. Kf2 Rh3 48. Ra5 Rxh4 49. Ra6+ Kf7 50. Ke3 Rh1 51. Kd4 Rd1+ 52. Ke5 Rd7 53. f5 Re7+ 54. Kf4 gxf5 55. Kxf5 Rb7 56. Rh6 Rb5+ 57. e5 Rb1 58. Rh7+ Ke8 59. Kf6 Rf1+ 60. Ke6 Kf8 61. Rxh5 Ra1 62. Rh8+ Kg7 63. Rd8 Ra6+ 64. Ke7 Rb6 65. e6 Ra6 66. Rd7 Kg6 67. Rd6 Ra8 68. Rd8 Ra6 69. Rd1 Kf5 70. Kf7 Ra7+ 71. e7 Ke5 72. Kf8 1-0

[Event "PER-ch"]
[Site "Lima"]
[Date "1999.??.??"]
[Round "4"]
[White "Ascoy, Adolfo"]
[Black "Garcia Toledo, Pedro"]
[Result "0-1"]
[WhiteElo "2195"]
[BlackElo "2265"]
[PlyCount "76"]
[EventDate "1999.02.??"]
[EventType "swiss"]
[EventRounds "9"]
[EventCountry "PER"]
[SourceTitle "CBM 073 Extra"]
[Source "ChessBase"]
[SourceDate "2000.01.11"]
[SourceVersion "1"]
[SourceVersionDate "2000.01.11"]
[SourceQuality "1"]

1. e4 e5 2. Nf3 Nc6 3. Bb5 a6 4. Ba4 Nf6 5. d4 exd4 6. 0-0 Be7 7. Re1 0-0 8. e5 Ne8 9. Bf4 f6 10. Bxc6 dxc6 11. e6 Nd6 12. Nxd4 Re8 13. Qg4 c5 14. Nb3 f5 15. Qh3 Bf6 16. Nc3 c4 17. Nc5 b6 18. Bxd6 cxd6 19. Nd7 Bxd7 20. exd7 Qxd7 21. Nd5 Bxb2 22. Rad1 Rxe1+ 23. Rxe1 Re8 24. Rxe8+ Qxe8 25. Qe3 Qxe3 26. fxe3 b5 27. Nc7 Bc3 28. Nxa6 Ba5 29. Kf2 Kf7 30. Kf3 Ke6 31. Nb8 d5 32. Nc6 Bb6 33. a3 Kd6 34. Nb4 Bc5 35. Kf4 Bxb4 36. axb4 Ke6 37. h4 Kf6 38. g3 g6 0-1

[Event "PER-ch"]
[Site "Lima"]
[Date "1999.??.??"]
[Round "8"]
[White "Garcia Toledo, Pedro"]
[Black "Castaneda, Georgui"]
[Result "1/2-1/2"]
[WhiteElo "2265"]
[BlackElo "2415"]
[PlyCount "23"]
[EventDate "1999.02.??"]
[EventType "swiss"]
[EventRounds "9"]
[EventCountry "PER"]
[SourceTitle "CBM 073 Extra"]
[Source "ChessBase"]
[SourceDate "2000.01.11"]
[SourceVersion "1"]
[SourceVersionDate "2000.01.11"]
[SourceQuality "1"]

1. d4 d6 2. c4 e5 3. dxe5 dxe5 4. Qxd8+ Kxd8 5. Nf3 f6 6. Nc3 Be6 7. e3 Nd7 8. Be2 c6 9. b3 Kc7 10. Bb2 a5 11. 0-0-0 Nc5 12. Rhg1 1/2-1/2

[Event "Pan American-chT 02"]
[Site "Villa Gesell"]
[Date "1985.??.??"]
[Round "1"]
[White "Garcia Toledo, Pedro"]
[Black "Silva Sanchez, Carlos"]
[Result "1-0"]
[WhiteElo "2265"]
[BlackElo "2385"]
[PlyCount "115"]
[EventDate "1985.??.??"]
[EventType "team"]
[EventRounds "7"]
[EventCountry "ARG"]
[SourceTitle "EXT 2002"]
[Source "ChessBase"]
[SourceDate "2001.11.25"]
[SourceVersion "1"]
[SourceVersionDate "2001.11.25"]
[SourceQuality "1"]

1. d4 Nf6 2. Nf3 g6 3. Bf4 Bg7 4. e3 b6 5. Be2 Bb7 6. 0-0 c5 7. c4 0-0 8. d5 d6 9. Nc3 Nh5 10. Bg5 f5 11. Ne1 Nf6 12. Nd3 Na6 13. f3 Nc7 14. e4 e5 15. f4 h6 16. Bxf6 Qxf6 17. fxe5 dxe5 18. Kh1 Rad8 19. a3 Qe7 20. Bf3 Ba6 21. Qa4 Qe8 22. Qb3 f4 23. a4 Ne6 24. Ne2 Nc7 25. a5 Rd6 26. axb6 axb6 27. Qc3 g5 28. b4 h5 29. bxc5 bxc5 30. g4 fxg3 31. Nxg3 h4 32. Bh5 Rxf1+ 33. Rxf1 Qa4 34. Nf5 Nb5 35. cxb5 Qxe4+ 36. Bf3 Qxf5 37. Bg2 Qg4 38. h3 Qg3 39. bxa6 e4 40. Qxc5 exd3 41. a7 Rd8 42. d6 Be5 43. Qg1 g4 44. Bd5+ Kg7 45. Qxg3 hxg3 46. hxg4 Rh8+ 47. Kg2 Rh2+ 48. Kf3 d2 49. a8Q Rf2+ 50. Ke4 Rxf1 51. Kxe5 d1Q 52. Qg8+ Kh6 53. Qh8+ Kg6 54. Qh5+ Kg7 55. Qg5+ Kh7 56. Be4+ Kh8 57. Qh6+ Kg8 58. Bh7+ 1-0